000 00256nam a2200097Ia 4500
001 1206565
005 20251014101235.0
008 250824s9999 xx 000 0 und d
245 0 _aÖLÜM VE KORKU GÜNLERİ
_cCENGİZ DAĞCI
260 _bÖTÜKEN YAYINLARI
999 _c1206565
_d1206565